| 000 | 00843nam a2200241 i 4500 | ||
|---|---|---|---|
| 001 | bgj | ||
| 245 | 0 | 0 |
_aSocial change in contemporary Britain / _cedited by Nicholas Abercrombie and Alan Warde. |
| 250 | _a2nd reprint. | ||
| 260 |
_aCambridge, UK : _bPolity Press, _c1995 _aCambridge, MA, USA. |
||
| 300 |
_aXI, 189 pp : _btables, graphs, ; _c23 cm. |
||
| 500 | _a1st published in 1992 by Polity Press in association with Blackwell Publishers Ltd. | ||
| 505 | _aIncludes bibliographical references and index. | ||
| 650 | 9 | _aSocial changes | |
| 651 | 9 |
_aGreat Britain _xSocial conditions _y1945- |
|
| 700 | 1 |
_aAbercrombie, Nicholas. _eco-editor |
|
| 700 | 1 |
_aWarde, Alan. _eco-editor |
|
| 020 | _a0745607837 | ||
| 040 | _cBPK | ||
| 041 | 0 | _aeng | |
| 920 | _a0-7456-0783-7 | ||
| 942 | _cKS | ||
| 008 | s uk f |000 0 eng | ||
| 999 |
_c49263 _d49263 |
||
| 856 |
_uhttp://koha.tu.koszalin.pl/cgi-bin/koha/opac-detail.pl?biblionumber=49263 _yKatalog online BPK |
||